00686pam a2200205 a 450000500170000000800410001702000160005802000160007404100080009008000080009824500990010626000360020530000290024150000260027050400600029665000480035665000210040470000280042571000270045320131125035212.0930520s1993 maua b 001 0 eng  a0807002208  a0807002216  aeng a34200aState of the peoples :cMarc S. Miller, project director, with the staff of Cultural Survival. aBoston :bBeacon Press,cc1993. a262 f. :bill. ;c25 cm. aPreface : f. VII - IX aIncludes bibliographical references (p. 256) and index. 0aNjerëzit vendësxStatusi ligjor, ligji. 0aE drejta publike1 aMiller, Marc S.,d1947-2 aCultural Survival Inc.